000 00677nam a2200205Ia 4500
005 20260121110204.0
008 008 260114s9999 xx 000 0 hin d
020 _a9788132388661
037 _aEBOOK
040 _aCRL
_bhin
_cCRL
041 _ahin
_2hin
084 _qCRL
100 _aबरखा भल्ला / Barkha Bhalla
_9943121
245 0 _aसंज्ञानात्मक विकास और कौशल / Sanjnayatmak Vikas aur Kaushal
260 _bभाषा प्रकाशन / Bhasha Prakashan
_c2023
856 _uhttps://bhashaprakashan.com/product-details/437734
942 _cEBOOK
999 _c1534786
_d1534786